[Event "Murrhard Wuerttemberg op"]
[Site "Murrhard"]
[Date "2021.08.22"]
[Round "7"]
[White "Radek, Dieter"]
[Black "Gampper, Steffen"]
[Result "1/2-1/2"]
[WhiteElo "1859"]
[BlackElo "1676"]
[PlyCount "50"]
[EventDate "2021.08.18"]
[EventType "swiss"]
[EventRounds "7"]
[EventCountry "GER"]
[SourceTitle "CBM 204 Extra"]
[Source "ChessBase"]
[SourceDate "2021.11.30"]
[SourceVersion "1"]
[SourceVersionDate "2021.11.30"]
[SourceQuality "1"]

1. e4 d6 2. d4 Nf6 3. Bc4 Nxe4 4. Bxf7+ Kxf7 5. Qh5+ g6 6. Qd5+ e6 7. Qxe4 Bg7 8. Nf3 Re8 9. 0-0 Qf6 10. c3 Qf5 11. Qe2 Nd7 12. h3 Nf6 13. b4 Bd7 14. a4 Kg8 15. Nbd2 e5 16. dxe5 dxe5 17. Qc4+ Qe6 18. Qxc7 Bc6 19. b5 Nd5 20. Ng5 Qf5 21. Qf7+ Qxf7 22. Nxf7 Kxf7 23. bxc6 bxc6 24. Ne4 Red8 25. Rb1 Rab8 1/2-1/2

[Event "Stuttgart-chB int"]
[Site "Gerlingen"]
[Date "2011.06.02"]
[Round "2"]
[White "Gampper, Steffen"]
[Black "Koerber, Christian"]
[Result "1-0"]
[WhiteElo "1534"]
[BlackElo "1728"]
[PlyCount "63"]
[EventDate "2011.06.02"]
[EventType "swiss"]
[EventRounds "7"]
[EventCountry "GER"]
[SourceTitle "EXT 2018"]
[Source "ChessBase"]
[SourceDate "2017.10.13"]
[SourceVersion "1"]
[SourceVersionDate "2017.10.13"]
[SourceQuality "1"]

1. e4 d5 2. exd5 Qxd5 3. Nc3 Qa5 4. d4 Nf6 5. Bd2 c6 6. Bc4 Bf5 7. Qe2 e6 8. d5 cxd5 9. Nxd5 Qc5 10. Bb4 Qc8 11. Nxf6+ gxf6 12. Bxf8 Kxf8 13. 0-0-0 Nc6 14. Nf3 Bg4 15. h3 Bh5 16. g4 Bg6 17. Nh4 Ne5 18. Bb3 Qc6 19. f4 Be4 20. Rhf1 Ng6 21. Nxg6+ hxg6 22. Rd4 f5 23. gxf5 gxf5 24. Qe3 Bg2 25. Qe5 Rxh3 26. Rc4 Qb6 27. Re1 Be4 28. Rd4 Ke7 29. Rc4 Bc6 30. c3 f6 31. Qxe6+ Kd8 32. Qxf6+ 1-0